| 000 | 00598cab a2200229 4500 | ||
|---|---|---|---|
| 001 | ABS60279 | ||
| 008 | 090401t1999 xxu||||| |||| 00| 0 eng d | ||
| 035 | _a(Sirsi) u92259 | ||
| 041 | _aeng | ||
| 100 | _aSchumann, N. | ||
| 245 | _aWhen overseas.... | ||
| 260 | _c1999 | ||
| 350 | _a0 | ||
| 490 |
_aBuilding _v264(8079) 19 March 1999, 79(1) |
||
| 650 | _aBUILDING SPECIFICATION | ||
| 650 | _aOVERSEAS CONSTRUCTION CONTRACTS | ||
| 650 | _aOVERSEAS CONSTRUCTION | ||
| 650 | _aSPECIFICATION WRITING | ||
| 690 | _aBUILDING AND CONSTRUCTION-PROJECTS | ||
| 942 | _n0 | ||
| 948 | _c23/03/1999 | ||
| 999 |
_c58499 _d58499 |
||